000 01200nam a2200301 i 4500
003 EG-GICUC
005 20260126172241.0
008 260109s1995 ua ||||fr|||| 00| 0 ara d
040 _a EG-GICUC
_bara
_c EG-GICUC
_d EG-GICUC
_erda
041 _aara
082 0 4 _221
_a343.3918
_bأ ح . ق
092 0 4 _221
099 _aLaw1 10 343.3918 أ ح . ق1995
100 0 _aأحمد عوض بلال
_eمؤلف.
245 1 0 _aقاعدة استبعاد الأدلة المتحصلة بطرق غير مشروعة في الإجراءات الجنائية المقارنة /
_cتأليف د.أحمد عوض بلال.
264 1 _aالقاهرة :
_bدار النهضة العربية،
_c1995.
300 _a500 صفحة ;
_c24 سم.
336 _2rda content
_atext
337 _2rda media
_aComputer
338 _2rda carrier
_aOnline Resource
504 _aيشتمل على إرجاعات ببليوجرافية.
650 1 _aالقانون الجنائي
650 1 _aقانون الإجراءات الجنائية
650 1 _aمشروعية الأدلة الجنائية
856 4 0 _uhttps://fll.law.cu.edu.eg/fulltext/bks/B10-06088.pdf
905 _a43
_eYara
942 _2ddc
_n0
_cBK
_e21
999 _c55827
_d55827